000 00675nam a2200229 a 4500
001 69607
003 BD-RjUL
005 20211209081916.0
008 170412s1981 nyua b 001 0 eng d
020 _a0442208448
035 _a(BD-RjUL)69819
040 _aDLC
_cDLC
_dDLC
_dBD-RjUL
_beng
041 _aeng
082 0 0 _223
_a530
_bBUC 1981
100 1 _aBuckman, William G.
_9206185
245 1 0 _aCollege physics, principles and applications /
_cWilliam G. Buckman.
260 _aNew York :
_bVan Nostrand,
_cc1981.
300 _axvi, 559 p. :
_bill. (some col.) ;
_c24 cm.
504 _aIncludes bibliographies and index.
650 0 _aPhysics.
_9206186
942 _2ddc
_cBK
999 _c69607
_d69607